banner koha

Obtenção da fração proteica dioscorina de inhame (Dioscorea cayennensis): caracterização bioquímica (Registro n. 300964)

MARC details
000 -LÍDER
fixed length control field 03458nab a2200325 i 4500
003 - CÓDIGO MARC DA AGÊNCIA CATALOGADORA
Campo de controle BR-BrBNA
005 - DATA E HORA DA ÚLTIMA ATUALIZAÇÃO
Campo de controle 20240820102123.0
008 - CAMPO DE TAMANHO FIXO
fixed length control field 240820b2017 bl.qr|pooa||| 00| 0 por |
040 ## - FONTE DA CATALOGAÇÃO
Agência catalogadora BR-BrBNA
Idioma da catalogação por
072 ## - CATEGORIA AGRIS
Código AGRIS F60
100 ## - ENTRADA PRINCIPAL - NOME PESSOAL
Nome pessoal Sousa, A.P.
100 ## - ENTRADA PRINCIPAL - NOME PESSOAL
Nome pessoal Nascimento, E.S.
100 ## - ENTRADA PRINCIPAL - NOME PESSOAL
Nome pessoal Montenegro, S.B.
100 ## - ENTRADA PRINCIPAL - NOME PESSOAL
Nome pessoal Madruga, M.S.
100 ## - ENTRADA PRINCIPAL - NOME PESSOAL
Nome pessoal Lima, E.O.
100 ## - ENTRADA PRINCIPAL - NOME PESSOAL
Nome pessoal Silva, D.F.
100 ## - ENTRADA PRINCIPAL - NOME PESSOAL
Nome pessoal Gadelha, T.S.
100 ## - ENTRADA PRINCIPAL - NOME PESSOAL
Nome pessoal Gadelha, C.A.A.
245 ## - TÍTULO PRINCIPAL
Título principal Obtenção da fração proteica dioscorina de inhame (Dioscorea cayennensis): caracterização bioquímica
500 ## - NOTA GERAL
Nota geral Publicação on-line; 22 ref.; 4 tables; 3 illus.; Summaries (En, Pt)
942 ## - ADDED ENTRY ELEMENTS (KOHA)
Koha item type
520 ## - NOTA DE RESUMO
Nota de conteúdo <br/><br/>RESUMO: <br/><br/>O objetivo deste trabalho foi isolar e caracterizar bioquimicamente a fração proteica<br/>dioscorina (FPD) presente nos tubérculos de Discorea cayennensis. O isolamento do FPD foi<br/>realizado com a extração proteica em Tris-HCl 0,05M pH 8,3, seguido de precipitação em Sulfato<br/>de Amônio (F45-75). O peso molecular do FPD foi determinado por PAGE-SDS e MALDI-ToF,<br/>caracterizado pela presença de um componente majoritário com massa de aproximadamente<br/>28 kDa, correspondente à dioscorina. Quando submetida a testes de avaliação da presença de<br/>fitoquímicos, não foi detectada na FPD a presença destes compostos avaliados. A composição<br/>aminoacídica da fração foi determinada, onde o maior teor presente na fração foi para: Glu, Asp<br/>e Arg. Por fim, constatou-se a realização de uma purificação parcial da proteína biologicamente<br/>ativa, a dioscorina, frente ao extrato inicial testado. Outros estudos são necessários para<br/>determinação de possíveis atividades biológicas exercidas por esta proteína.<br/><br/>Palavras-chaves: Proteínas, Composição bioquímica, Dioscorina.
520 ## - NOTA DE RESUMO
Nota de conteúdo <br/><br/>ABSTRACT: <br/><br/>Obtaining dioscorin proteic fraction of yam (Dioscorea cayennensis):<br/>biochemical characterization and biological activities. The objective of this work was to<br/>isolate and to biochemically characterize the dioscorine protein fraction (FPD) present in the<br/>tubers of D. cayennensis. Isolation of FPD was performed with protein extraction in 0.05M TrisHCl <br/>pH 8.3, followed by precipitation in Ammonium Sulfate (F45-75). The molecular weight of<br/>the FPD was determined by PAGE-SDS and MALDI-ToF, characterized by the presence of a<br/>major component with a mass of approximately 28 kDa, corresponding to Dioscorin. When tested<br/>for the presence of phytochemicals, the presence of these compounds was not detected in the<br/>FPD. The amino acid composition of the fraction was determined, where the highest content<br/>present in the fraction was for: Glu, Asp and Arg. Finally, a partial purification of the biologically<br/>active protein, dioscorin, was verified against the initial extract tested. Other studies are needed<br/>in order to determine the possible biological activities of this protein.<br/><br/>Keywords: Proteins, Biochemical composition, Dioscorina.
650 ## - ASSUNTO - THESAGRO
Cabeçalho tópico ou nome geográfico COMPOSIÇÃO QUÍMICA
650 ## - ASSUNTO - THESAGRO
Cabeçalho tópico ou nome geográfico PROTEÍNA VEGETAL
650 ## - ASSUNTO - THESAGRO
Cabeçalho tópico ou nome geográfico INHAME
773 0# - ENTRADA ANALÍTICA
Host Biblionumber 3543
Registro do item 317263
Imprenta Botucatu-SP Instituto de Biociências - Departamento de Química e Bioquímica 1998
Outro identificador 2024-3900
Título Revista Brasileira de Plantas Medicinais (Brazil)
ISSN 1516-0572
Colação v. 19(4) p. 610-618; (2017)
Número de controle de registro BR2024002152
856 ## - ACESSO E ENDEREÇO ELETRÔNICO
Identificador uniforme de recurso - URI http://www.sbpmed.org.br/admin/files/papers/file_YvNaS46TifEO.pdf

Nenhum exemplar disponível.

BINAGRI

Telefone: (61)3218-2567/2388/3357/2097 - binagri@agro.gov.br

Ministério da Agricultura e Pecuária , Esplanada dos Ministérios, Bloco D, Anexo B, Brasília/DF, CEP: 70.043-900